000 00222nam a22000857a 4500
999 _c11152
_d11152
008 180926b ||||| |||| 00| 0 eng d
100 _aNita, Mehta
_96915
245 _aMughalai
260 _aNew Delhi
_bNita mehta publishers
_c2008